00548nam a2200145Ia 4500008004100000020001500041040001800056041000800074100003100082245014800113260003600261300001800297490005800315765002900373130821s1994 sp gr spa  a8487699979 aCo-BoUCMbspa aspa1 aHorkheimer, Maxd1895-197310aDialéctica de la ilustración Fragmentos filosóficoscMax Horkheimer ; Theodor Wiesengrund Adorno ; Traducción de Juan José Sánchez aMadrid (España)bTrottac1994 a303 páginas aColección Estructuras y Procesos. Serie Filosofía aDialektik der Aufklarung